Tìm hiểu chuẩn mực kế toán Việt Nam Những vấn đề chung và các yếu tố của báo cáo tài chính

Nội dung gồm 12 chương và chia thành 2 phần: Phần 1: Những vấn đề chung, giới thiệu khái quát về các chuẩn mực kế toán Việt Nam và trình bày khuôn mẫu lý thuyết kế toán được xác lập trong chuẩn mực chung. Phần 2: các yếu tố báo cáo t...

Volledige beschrijving

Bewaard in:
Bibliografische gegevens
Hoofdauteur: Vũ, Hữu Đức
Andere auteurs: Trần, Thị Giang Tân
Formaat: Boek
Taal:Undetermined
Gepubliceerd in: H. Thống kê 2010
Onderwerpen:
Online toegang:http://lrc.tdmu.edu.vn/opac/search/detail.asp?aID=2&ID=16949
Tags: Voeg label toe
Geen labels, Wees de eerste die dit record labelt!
Thư viện lưu trữ: Trung tâm Học liệu Trường Đại học Thủ Dầu Một
LEADER 01432nam a2200229Ia 4500
001 TDMU_16949
008 210410s9999 xx 000 0 und d
082 |a 657 
090 |b V500 
100 |a Vũ, Hữu Đức 
245 0 |a Tìm hiểu chuẩn mực kế toán Việt Nam 
245 0 |b Những vấn đề chung và các yếu tố của báo cáo tài chính 
245 0 |c Vũ Hữu Đức, Trần Thị Giang Tân, Nguyễn Thế Lộc (ch.b) 
260 |a H. 
260 |b Thống kê 
260 |c 2010 
300 |a 565tr. 
520 |a Nội dung gồm 12 chương và chia thành 2 phần: Phần 1: Những vấn đề chung, giới thiệu khái quát về các chuẩn mực kế toán Việt Nam và trình bày khuôn mẫu lý thuyết kế toán được xác lập trong chuẩn mực chung. Phần 2: các yếu tố báo cáo tài chính, tập trung giải thích việc vận dụng các chuẩn mực kế toán đối với các khoản mục trên báo cáo tài chính.; TM tài liệu tham khảo tr.566 
650 |a Chuẩn mực kế toán  |z Việt Nam 
700 |a Trần, Thị Giang Tân 
856 |u http://lrc.tdmu.edu.vn/opac/search/detail.asp?aID=2&ID=16949 
980 |a Trung tâm Học liệu Trường Đại học Thủ Dầu Một